Filosofía de la delincuencia : (Record no. 38127)
[ view plain ]
| 000 -CABECERA | |
|---|---|
| campo de control de longitud fija | 00487nam a2200133 a 4500 |
| 001 - NÚMERO DE CONTROL | |
| campo de control | 000038637 |
| 005 - FECHA Y HORA DE LA ÚLTIMA TRANSACCIÓN | |
| campo de control | 20201002031324.0 |
| 008 - DATOS DE LONGITUD FIJA--INFORMACIÓN GENERAL | |
| campo de control de longitud fija | 130417s2008 dr 000 0 spa d |
| 040 ## - FUENTE DE LA CATALOGACIÓN | |
| Centro catalogador/agencia de origen | DO-SdBNP |
| Lengua de catalogación | spa |
| Centro/agencia transcriptor | BNPHU |
| 100 1# - ENTRADA PRINCIPAL--NOMBRE DE PERSONA | |
| Nombre de persona | Báez Bisonó, Rafael |
| 9 (RLIN) | 64970 |
| 245 10 - MENCIÓN DE TÍTULO | |
| Título | Filosofía de la delincuencia : |
| Resto del título | modo de ser de quien riñe con la moral / |
| Mención de responsabilidad, etc. | Rafael Báez Bisonó ; prólogo Francisco Acosta. |
| 260 ## - PUBLICACIÓN, DISTRIBUCIÓN, ETC. | |
| Lugar de publicación, distribución, etc. | Santo Domingo :, |
| Fecha de publicación, distribución, etc. | Arte Antillas |
| -- | 2008. |
| 700 1# - PUNTO DE ACCESO ADICIONAL--NOMBRE DE PERSONA | |
| Nombre de persona | Acosta, Francisco |
| Término indicativo de función/relación | pról. |
| 9 (RLIN) | 64971 |
| Estado de retiro | Estado de pérdida | No para préstamo | Código de colección | Localización permanente | Ubicación/localización actual | Ubicación en estantería | Fecha de adquisición | Número de inventario | Total de préstamos | Signatura topográfica completa | Código de barras | Fecha visto por última vez | Precio válido a partir de | Tipo de ítem Koha |
|---|---|---|---|---|---|---|---|---|---|---|---|---|---|---|
| Excluido de préstamo | Patrimonio Dominicano | Patrimonio Dominicano | Patrimonio Dominicano | En catalogación | 17.04.2013 | LF1 | 38637-10 | 25.06.2020 | 25.06.2020 | Libro y Folleto Colección Patrimonio Dominicano |
